000 00683nam a2200229 i 4500
001 18595
003 ES-MaACL
005 20240519063022.0
007 t|
008 011102s2000 sp ||||1| spa d
020 _a84-8191-344-8
080 _a821.134.2-14"19"
100 1 _aSegovia, Tomás,
_d1927-2011
_9105153
245 1 0 _aMisma juventud
_b: poemas, 1997-1999 /
_cTomás Segovia.
250 _a1ª ed.
260 _aValencia :
_bPre-Textos,
_c2000.
300 _a63 p. ;
_c22 cm.
490 1 _aColección La cruz del sur ;
_v481
830 0 _aColección La cruz del sur ;
_v481
_9178835
852 _aES-MaACL
_jL-25157
_bR.130479
999 _c18595
_d18595